000 00731nam a2200229Ia 4500
001 8500
003 GE_BSU
008 181216s||||||||xx |||||||||||||| ||und||
040 _cGE_BSU
080 _a821.353.1-1
100 _aვარშანიძე,მამია.
245 _aმთის ყვავილები.
245 _bლექსები.
245 _cრედ:ვ.ჯიბუტი;მხატვ:შ.ბერიტაშვილი.
260 _aბათუმი.
260 _bაჭარის სახელგამი.
260 _c1955.
300 _a158გვ;19სმ.
653 _aლექსები.
653 _aმთის ყვავილები.
942 _cBK
999 _c41817
_d41817